000
00215nam a2200097Ia 4500
008
120527s9999 xx 000 0 und d
100
_a
KERSHAW,Kate.
245
_a
Fresh as a Daisy.
260
_b
Chimera
942
_c
BK
999
_c
23753
_d
23753